[Event "BCF-chT2 2223 (4NCL)"]
[Site "England"]
[Date "2023.01.14"]
[Round "3.57"]
[White "Graham, Cassie M"]
[Black "Latham, David"]
[Result "1/2-1/2"]
[WhiteElo "1997"]
[BlackElo "2038"]
[PlyCount "80"]
[EventDate "2022.10.22"]
[EventType "team-tourn"]
[EventRounds "11"]
[EventCountry "ENG"]
[SourceTitle "EXT 2024"]
[Source "ChessBase"]
[SourceDate "2023.10.10"]
[SourceVersion "1"]
[SourceVersionDate "2023.10.10"]
[SourceQuality "1"]
[WhiteTeam "Sussex Martlets"]
[BlackTeam "Spirit of Atticus"]
[WhiteTeamCountry "ENG"]
[BlackTeamCountry "ENG"]

1. e4 c5 2. Nc3 Nc6 3. f4 e6 4. Nf3 d6 5. Bc4 Be7 6. 0-0 Nf6 7. d3 a6 8. a4 d5 9. Ba2 dxe4 10. dxe4 Qxd1 11. Rxd1 b6 12. h3 Nd4 13. e5 Nxf3+ 14. gxf3 Nd7 15. Kf2 Bb7 16. Be3 0-0-0 17. f5 Nxe5 18. Rxd8+ Rxd8 19. fxe6 fxe6 20. Bxe6+ Kc7 21. f4 Bh4+ 22. Kf1 Nf3 23. Rd1 Nh2+ 24. Kg1 Nf3+ 25. Kf1 Nd4 26. Bxd4 cxd4 27. Ne2 Bf6 28. Bc4 d3 29. Bxd3 Bxb2 30. Rb1 Bf6 31. Bxh7 Bc8 32. Bd3 Bxh3+ 33. Kf2 Bc8 34. Rb4 Rd5 35. Rc4+ Rc5 36. Rxc5+ bxc5 37. Nc1 Bd7 38. Bxa6 Bxa4 39. Bd3 Kc6 40. Ne2 Kd6 1/2-1/2

[Event "BCF-chT1a 1718 (4NCL)"]
[Site "England"]
[Date "2018.02.10"]
[Round "5.37"]
[White "Palliser, Richard"]
[Black "Latham, David"]
[Result "1-0"]
[WhiteElo "2416"]
[BlackElo "2106"]
[PlyCount "45"]
[EventDate "2017.11.11"]
[EventType "team-swiss"]
[EventRounds "11"]
[EventCountry "ENG"]
[SourceTitle "EXT 2019"]
[Source "ChessBase"]
[SourceDate "2018.10.10"]
[SourceVersion "1"]
[SourceVersionDate "2018.10.10"]
[SourceQuality "1"]
[WhiteTeam "White Rose"]
[BlackTeam "Spirit of Atticus"]
[WhiteTeamCountry "ENG"]
[BlackTeamCountry "ENG"]

1. d4 Nf6 2. Bf4 d5 3. e3 e6 4. Nd2 c5 5. c3 Nc6 6. Ngf3 Bd7 7. Bd3 Be7 8. Ne5 Rc8 9. Qf3 cxd4 10. exd4 Nxe5 11. dxe5 Ng8 12. Nb3 a6 13. 0-0 g6 14. Nd4 Bg5 15. Rfe1 Nh6 16. Qe3 Bxf4 17. Qxf4 Nf5 18. Bxf5 gxf5 19. Qh6 Rg8 20. f4 Qb6 21. Qxh7 Rg4 22. h3 Rxf4 23. Qg8+ 1-0

[Event "BCF-chT1a 1718 (4NCL)"]
[Site "England"]
[Date "2018.01.13"]
[Round "3.37"]
[White "Latham, David"]
[Black "Head, Louise"]
[Result "1-0"]
[WhiteElo "2106"]
[BlackElo "2119"]
[PlyCount "195"]
[EventDate "2017.11.11"]
[EventType "team-swiss"]
[EventRounds "11"]
[EventCountry "ENG"]
[SourceTitle "EXT 2019"]
[Source "ChessBase"]
[SourceDate "2018.10.10"]
[SourceVersion "1"]
[SourceVersionDate "2018.10.10"]
[SourceQuality "1"]
[WhiteTeam "Spirit of Atticus"]
[BlackTeam "Grantham Sharks"]
[WhiteTeamCountry "ENG"]
[BlackTeamCountry "ENG"]

1. d4 d5 2. Nf3 c5 3. g3 Nc6 4. Bg2 Nf6 5. 0-0 Bf5 6. c4 e6 7. Nc3 dxc4 8. Qa4 Qd7 9. Ne5 Nxe5 10. dxe5 Qxa4 11. Nxa4 Nd7 12. Bxb7 Rd8 13. e4 Bh3 14. Rd1 Nxe5 15. Rxd8+ Kxd8 16. f4 Nf3+ 17. Kf2 Nxh2 18. Bd2 Ng4+ 19. Kf3 Kc7 20. Ba6 Nh2+ 21. Kf2 Ng4+ 22. Kf3 Nf6 23. Bxc4 Bg4+ 24. Ke3 Be7 25. Rc1 Kb7 26. e5 Nd7 27. Bb5 Nxe5 28. Nxc5+ Bxc5+ 29. Rxc5 Kb6 30. b4 Ng6 31. a4 Ne7 32. a5+ Kb7 33. Bf1 Nd5+ 34. Kd4 Bf3 35. f5 Rd8 36. fxe6 Nc7+ 37. Ke3 Nxe6 38. Rf5 Bc6 39. Rxf7+ Rd7 40. Rxd7+ Bxd7 41. Ke4 Nc7 42. Ke5 Nb5 43. Bd3 h6 44. Be3 Kc6 45. Be4+ Kc7 46. Bc5 g5 47. Bg6 Bg4 48. Kf6 Bf3 49. Bf8 Nc3 50. Bxh6 Nd5+ 51. Kxg5 Nxb4 52. Kf4 Be2 53. Bg7 Kb7 54. Ke3 Bg4 55. Bc3 Nd5+ 56. Kd4 Ne7 57. Be4+ Ka6 58. Ke5 Kb5 59. Bd3+ Kc5 60. Bd4+ Kb4 61. Kf4 Bc8 62. a6 Nd5+ 63. Ke5 Nc7 64. Bxa7 Nxa6 65. Bf5 Bb7 66. g4 Nc7 67. Bb8 Ne8 68. Bd7 Bf3 69. Kf4 Bxg4 70. Bxg4 Nf6 71. Be6 Kc5 72. Ke5 Nh5 73. Bd6+ Kc6 74. Bd5+ Kd7 75. Bf8 Ke8 76. Bh6 Ke7 77. Bf3 Ng3 78. Bf4 Nf1 79. Be2 Kd7 80. Bxf1 Kc6 81. Kd4 Kd7 82. Kd5 Ke7 83. Be5 Kf7 84. Bd3 Ke7 85. Bf5 Kf7 86. Kd6 Ke8 87. Bg4 Kf7 88. Bh5+ Kg8 89. Ke7 Kh7 90. Kf7 Kh6 91. Bf3 Kg5 92. Ke6 Kg6 93. Bf6 Kh6 94. Kf7 Kh7 95. Bg5 Kh8 96. Bg4 Kh7 97. Bf5+ Kh8 98. Bf6# 1-0

[Event "BCF-chT1a 1718 (4NCL)"]
[Site "England"]
[Date "2017.11.12"]
[Round "2.48"]
[White "Latham, David"]
[Black "Regan, Natasha"]
[Result "1-0"]
[WhiteElo "2106"]
[BlackElo "2005"]
[PlyCount "87"]
[EventDate "2017.11.11"]
[EventType "team-swiss"]
[EventRounds "11"]
[EventCountry "ENG"]
[SourceTitle "CBM 181 Extra"]
[Source "ChessBase"]
[SourceDate "2017.12.12"]
[SourceVersion "1"]
[SourceVersionDate "2017.12.12"]
[SourceQuality "1"]
[WhiteTeam "Spirit of Atticus"]
[BlackTeam "Barbican II"]
[WhiteTeamCountry "ENG"]
[BlackTeamCountry "ENG"]

1. d4 Nf6 2. c4 g6 3. Nf3 Bg7 4. Nc3 0-0 5. g3 d6 6. Bg2 c6 7. 0-0 Qa5 8. e4 e5 9. Qc2 exd4 10. Nxd4 Qh5 11. Nde2 g5 12. f3 Be6 13. g4 Qg6 14. Nd4 Nfd7 15. Nf5 Bxf5 16. exf5 Bd4+ 17. Kh1 Qg7 18. Ne4 d5 19. Nxg5 dxc4 20. Ne4 Ne5 21. f6 Qg6 22. g5 Na6 23. f4 Ng4 24. Bf3 Ne3 25. Bxe3 Bxe3 26. Qe2 Bd4 27. Bg4 Kh8 28. f5 Qg8 29. Qxc4 Rad8 30. Rad1 Bxb2 31. Rxd8 Rxd8 32. Rd1 Rxd1+ 33. Bxd1 Qe8 34. Bh5 c5 35. Bxf7 Qd8 36. Qe2 Nb4 37. Qxb2 Qd1+ 38. Kg2 Nd3 39. Qd2 Ne1+ 40. Kh3 Qf3+ 41. Ng3 Nd3 42. g6 Nf2+ 43. Qxf2 Qxf2 44. g7# 1-0

[Event "BCF-chT2b 1617 (4NCL)"]
[Site "England"]
[Date "2017.02.11"]
[Round "5.56"]
[White "Stanisz, Patryk"]
[Black "Latham, David"]
[Result "1-0"]
[WhiteElo "2073"]
[BlackElo "2103"]
[PlyCount "73"]
[EventDate "2016.11.19"]
[EventType "team-tourn"]
[EventRounds "11"]
[EventCountry "ENG"]
[SourceTitle "EXT 2019"]
[Source "ChessBase"]
[SourceDate "2018.10.10"]
[SourceVersion "1"]
[SourceVersionDate "2018.10.10"]
[SourceQuality "1"]
[WhiteTeam "Cambridge University"]
[BlackTeam "Spirit of Atticus"]
[WhiteTeamCountry "ENG"]
[BlackTeamCountry "ENG"]

1. d4 d5 2. c4 e6 3. Nc3 Nf6 4. Nf3 Be7 5. Bf4 0-0 6. e3 c6 7. Qc2 Nbd7 8. h3 Re8 9. Bd3 dxc4 10. Bxc4 Nd5 11. Bg3 Nxc3 12. bxc3 Nf8 13. 0-0 Bd6 14. Bxd6 Qxd6 15. e4 Qe7 16. e5 Kh8 17. Bd3 b6 18. Nd2 f5 19. Nc4 Ba6 20. Nd6 Bxd3 21. Qxd3 Red8 22. f4 Kg8 23. Qc4 Qd7 24. Nxf5 Ng6 25. Nd6 Ne7 26. f5 Nd5 27. fxe6 Qxe6 28. Rf3 c5 29. Nf7 Rd7 30. Nd6 cxd4 31. cxd4 Rc7 32. Qb3 h6 33. Raf1 Re7 34. Rf7 Rxf7 35. Rxf7 Rd8 36. Rxa7 Kh8 37. Nf7+ 1-0

[Event "BCF-chT2b 1617 (4NCL)"]
[Site "England"]
[Date "2016.11.20"]
[Round "2.54"]
[White "Latham, David"]
[Black "McKay, Roderick M"]
[Result "0-1"]
[WhiteElo "2117"]
[BlackElo "2346"]
[PlyCount "108"]
[EventDate "2016.11.19"]
[EventType "team-tourn"]
[EventRounds "11"]
[EventCountry "ENG"]
[SourceTitle "EXT 2019"]
[Source "ChessBase"]
[SourceDate "2018.10.10"]
[SourceVersion "1"]
[SourceVersionDate "2018.10.10"]
[SourceQuality "1"]
[WhiteTeam "Spirit of Atticus"]
[BlackTeam "Alba"]
[WhiteTeamCountry "ENG"]
[BlackTeamCountry "SCO"]

1. d4 d5 2. c4 c6 3. Nc3 Nf6 4. Nf3 e6 5. cxd5 exd5 6. Bg5 Bf5 7. e3 Nbd7 8. Bd3 Bxd3 9. Qxd3 Be7 10. 0-0 0-0 11. a3 a5 12. Rab1 Re8 13. Nd2 Bd6 14. Bf4 Bxf4 15. exf4 Nf8 16. b4 axb4 17. axb4 Qd6 18. g3 Ra3 19. Qc2 Ne6 20. Nf3 Nxf4 21. Rb3 Rxb3 22. Qxb3 Qd7 23. Qd1 Qg4 24. Ne5 Qh3 25. Qf3 Ne6 26. Qd3 Ra8 27. b5 g6 28. bxc6 bxc6 29. f4 Ra3 30. Qd2 Ng4 31. Nxg4 Qxg4 32. Qb2 Ra8 33. Qb7 Rd8 34. Qxc6 Qf5 35. Re1 Nxd4 36. Qb6 Nf3+ 37. Kf2 Rc8 38. Kxf3 Rxc3+ 39. Kf2 Rc2+ 40. Re2 Rxe2+ 41. Kxe2 Qc2+ 42. Kf3 Qd1+ 43. Kf2 Qd2+ 44. Kf3 Kg7 45. Qb8 Qd3+ 46. Kf2 Qd4+ 47. Kf3 Qe4+ 48. Kf2 d4 49. Qb2 Qe3+ 50. Kg2 Qc3 51. Qb8 d3 52. Kf3 d2+ 53. Ke2 Qc2 54. Qe5+ f6 0-1

[Event "BCF-chT3N 1415 (4NCL)"]
[Site "England"]
[Date "2015.02.14"]
[Round "5.67"]
[White "Richardson, Alex"]
[Black "Latham, David"]
[Result "1/2-1/2"]
[WhiteElo "2103"]
[BlackElo "2066"]
[PlyCount "102"]
[EventDate "2014.11.15"]
[EventType "team-swiss"]
[EventRounds "6"]
[EventCountry "ENG"]
[SourceTitle "EXT 2016"]
[Source "ChessBase"]
[SourceDate "2015.10.08"]
[SourceVersion "1"]
[SourceVersionDate "2015.10.08"]
[SourceQuality "1"]
[WhiteTeam "Cheddleton II"]
[BlackTeam "Spirit of Atticus II"]
[WhiteTeamCountry "ENG"]
[BlackTeamCountry "ENG"]

1. c4 Nf6 2. g3 c5 3. Bg2 g6 4. Nc3 Bg7 5. Nf3 Nc6 6. d4 cxd4 7. Nxd4 0-0 8. 0-0 d6 9. Nxc6 bxc6 10. Bxc6 Bh3 11. Bg2 Bxg2 12. Kxg2 Qc7 13. Qd3 Rac8 14. Be3 Qxc4 15. Rfd1 Qb4 16. Rd2 Ng4 17. Nd5 Qb7 18. Bg5 e6 19. Qf3 exd5 20. Qxg4 Rc4 21. Qf3 Rfc8 22. Rad1 Rc2 23. b3 h6 24. Bf4 Qa6 25. Qxd5 Qxa2 26. Bxd6 R8c3 27. Rxc2 Rxc2 28. b4 Rxe2 29. Qxa2 Rxa2 30. Bc5 Bf6 31. Rd7 a6 32. Ra7 Ra1 33. Ra8+ Kh7 34. h4 Bc3 35. g4 Ra4 36. g5 hxg5 37. hxg5 Bxb4 38. Bd4 Bf8 39. Bf6 Bg7 40. Ra7 Bxf6 41. gxf6 g5 42. Rxf7+ Kg6 43. Rf8 Rf4 44. f7 Rxf7 45. Ra8 Rf6 46. Kg3 Kf5 47. f3 Rb6 48. Rf8+ Rf6 49. Rc8 Kg6 50. Rc5 Rd6 51. Ra5 Rb6 1/2-1/2

[Event "BCF-chT3N 1314 (4NCL)"]
[Site "England"]
[Date "2014.01.12"]
[Round "4.59"]
[White "Latham, David"]
[Black "Dargan, Paul AG"]
[Result "0-1"]
[WhiteElo "2071"]
[BlackElo "2160"]
[PlyCount "84"]
[EventDate "2013.11.16"]
[EventType "team-swiss"]
[EventRounds "6"]
[EventCountry "ENG"]
[SourceTitle "EXT 2015"]
[Source "ChessBase"]
[SourceDate "2014.11.20"]
[SourceVersion "1"]
[SourceVersionDate "2014.11.20"]
[SourceQuality "1"]
[WhiteTeam "Spirit of Atticus"]
[BlackTeam "North East England"]
[WhiteTeamCountry "ENG"]
[BlackTeamCountry "ENG"]

1. d4 Nf6 2. Nf3 c5 3. g3 cxd4 4. Nxd4 Nc6 5. Bg2 g6 6. 0-0 Bg7 7. c4 0-0 8. Nc3 d6 9. Nxc6 bxc6 10. Bxc6 Bh3 11. Bg2 Bxg2 12. Kxg2 Qc7 13. Qd3 Rfc8 14. Nd5 Nxd5 15. cxd5 Qc2 16. Rd1 Rab8 17. Bg5 Qxd3 18. Rxd3 Rxb2 19. a4 Rcc2 20. Raa3 Rxe2 21. Be3 a6 22. Rab3 Rxb3 23. Rxb3 Rb2 24. Rd3 Rb4 25. a5 f5 26. Kf3 Kf7 27. h4 Ra4 28. Bb6 Bb2 29. Bd8 Ra3 30. Rxa3 Bxa3 31. g4 fxg4+ 32. Kxg4 h5+ 33. Kf4 Bc1+ 34. Ke4 Bd2 35. Kd3 Bf4 36. Ke4 Be5 37. Kf3 Bf6 38. Kg3 e6 39. dxe6+ Kxe6 40. Bb6 Kd5 41. f4 Ke4 42. Bc7 d5 0-1

[Event "BCF-chT2a 1213 (4NCL)"]
[Site "England"]
[Date "2013.01.13"]
[Round "4.34"]
[White "Latham, David"]
[Black "Horspool, Philip"]
[Result "1-0"]
[WhiteElo "2143"]
[BlackElo "2008"]
[PlyCount "77"]
[EventDate "2012.11.03"]
[EventType "team-tourn"]
[EventRounds "7"]
[EventCountry "ENG"]
[SourceTitle "EXT 2014"]
[Source "ChessBase"]
[SourceDate "2013.11.20"]
[SourceVersion "1"]
[SourceVersionDate "2013.11.20"]
[SourceQuality "1"]
[WhiteTeam "Spirit of Atticus"]
[BlackTeam "e2e4.org.uk II"]
[WhiteTeamCountry "ENG"]
[BlackTeamCountry "ENG"]

1. e4 e5 2. Bc4 Nf6 3. d3 Nc6 4. f4 Bc5 5. Nf3 d6 6. fxe5 dxe5 7. Bg5 Qd6 8. Nc3 a6 9. h3 h6 10. Bxf6 Qxf6 11. Qd2 Be6 12. Bxe6 fxe6 13. 0-0-0 0-0-0 14. Rhf1 Qe7 15. Ne2 Rd6 16. Kb1 Bb4 17. Qe3 Rhd8 18. Nc1 Ba5 19. Qf2 Bb6 20. Qg3 g5 21. Nxe5 Nxe5 22. Qxe5 Bd4 23. Qa5 Rb6 24. Nb3 Rb5 25. Qd2 Be5 26. d4 c5 27. Qc3 Rxb3 28. Qxb3 cxd4 29. Rd3 Qd6 30. Rdf3 Qc6 31. Qd3 Rd6 32. Rf8+ Kc7 33. Qb3 b5 34. R1f7+ Rd7 35. a4 Rxf7 36. Rxf7+ Kb6 37. axb5 axb5 38. Re7 Bd6 39. Rxe6 1-0